000 00451nam a2200181Ia 4500
001 15056
005 20260306165000.0
008 260306t2017||||xx |||||||||||||| ||spa||
041 _aESP
082 _a526.9
_bR62
100 _aRincón Villalba, Mario Arturo
_eAUT
245 0 _aTopografía:
_bconceptos y aplicaciones
260 _c2017
300 _axxi, 380 páginas :
_c24 cm.
650 _aGEN
654 _aCIC
942 _cLIB
_dJUS
_fJUS
_2ddc
_n
999 _c15056
_d15056